LU3SV604 - Plantes: Niveau taxonomique le plus bas - Statistiques

Statistiques générales
  • Ce quiz a été pris 141 fois
  • Le résultat moyen est 24 sur 35
Statistiques - réponses
Photo Taxon % Correct
lamium-purpureum-2205610-1920 Lamiaceae
86%
1200px-Viola-reichenbachiana-LC0128 Violaceae
86%
prunelier-2 Rosaceae
83%
Rubus-fructicosus-Gondreville-2-9-09-135 Rosaceae
83%
Tout-sur-les-paquerettes-scaled Asteraceae
81%
sphaignes-credit-olive-titus-flickr Bryophytes
81%
93769 Fabaceae
81%
Pinus-sylvestris-PP-01 Pinaceae
81%
visuel-pissentit-0 Asteraceae
79%
bouleau-verruqueux Betulaceae
79%
images Betulaceae
79%
cytisus-scoparius Fabaceae
79%
Plantation-chataignier-Castanea-sativa Fagaceae
79%
Quercus-petraea-05-scaled Fagaceae
79%
Ficiare-en-fleurs-scaled Ranunculaceae
74%
bota-5100-tpm Bryophytes
71%
104784 Fabaceae
71%
Spartina-anglica Poaceae
69%
image Ranunculaceae
69%
arbre-charme-1 Betulaceae
67%
Jonquille-2 Amaryllidaceae
64%
A395-L6-HY-0915 Aquifoliaceae
64%
juncus-effusus Juncaceae
64%
Sedum-ou-orpin-1 Crassulaceae
62%
ob-ff3608-p1100021 Cyanobactéries
62%
3i5b5wnt2fcwck0gksk8sgo4c-source-13105861 Polypodiopsida
62%
cardaminehirsuta10 Brassicaceae
60%
lierre-arbre Araliaceae
57%
Polypodium-vulgare-81172-1 Polypodiopsida
57%
Erable Sapindaceae
57%
fragon-petit-houx Asparagaceae
52%
Lonicera-periclymenum-L-1-scaled Caprifoliaceae
52%
1slg7nntj04kwg480oswo0s0g-source-12094501 Araceae
50%
Xanthoria-parietina-06-03-31 Ascomycètes + Algue verte
29%
Collema-flaccidum-Ach-Ach-316011 Ascomycètes + Cyanobactéries
26%
Aucun quiz correspondant
Distribution des résultats
% des personnes avec chaque résultat
Percentile par nombre de réponses
Votre historique - résultats
Vous n’avez pas pris ce quiz